1912 Summer Olympics medal table - Statistics

General Stats
  • This quiz has been taken 40 times
  • The average score is 16 of 18
Answer Stats
Rank Gold Silver Bronze Total Answer % Correct
1 25 19 19 63 United States
100%
5 7 4 3 14 France
97%
6 5 13 7 25 Germany
97%
3 10 15 16 41 Great Britain
97%
17 0 2 2 4 Austria
95%
4 9 8 9 26 Finland
92%
11 3 1 2 6 Italy
92%
18 0 0 3 3 Netherlands
92%
9 3 2 3 8 Canada
89%
2 24 24 17 65 Sweden
89%
8 4 1 4 9 Norway
86%
16 0 2 3 5 Russian Empire
86%
13 2 1 3 6 Belgium
84%
14 1 6 5 12 Denmark
84%
15 1 0 1 2 Greece
84%
9 3 2 3 8 Hungary
78%
12 2 2 3 7 Australasia
76%
7 4 2 0 6 South Africa
43%
No matching quizzes found
Score Distribution
Percent of People with Each Score
Percentile by Number Answered
Your Score History
You have not taken this quiz